| 000 | 00357nam a2200133 a 4500 | ||
|---|---|---|---|
| 005 | 20140414131856.0 | ||
| 008 | 100828s19uu xx 00 eng d | ||
| 050 |
_aFIL _bUs6 2009 |
||
| 100 | _aMatias, Segundo | ||
| 245 |
_aAng usok at si daddy : _bThe smoke and daddy. |
||
| 260 |
_aManila, Philippines : _bLampara, _c2009. |
||
| 440 | _a | ||
| 999 |
_c110477 _d110477 |
||